000 00502nam a22001817a 4500
003 koha_MIRAKIL
005 20231213100051.0
008 231213b |||||||| |||| 00| 0 ||| d
020 _b978-0-329-82335-1 (Follett bdg.)
040 _aTR-IsEVY
_btur
_cTR-IsEVY
082 _a420 BRİ/C
100 _aBridwell, Norman.
245 0 _aClifford takes a trip
260 _bScholastic,
_c2011
300 _a[32] p.
650 _aClifford (Fictional character : Bridwell) -- Fiction.
942 _2ddc
_cBK
999 _c13981
_d13981